Planets / (Record no. 3113)
[ view plain ]
| 000 -LEADER | |
|---|---|
| fixed length control field | 01126cam a2200277 a 4500 |
| 005 - DATE AND TIME OF LATEST TRANSACTION | |
| control field | 20240521155221.0 |
| 020 ## - INTERNATIONAL STANDARD BOOK NUMBER | |
| International Standard Book Number | 9781432957940 |
| 040 ## - CATALOGING SOURCE | |
| Original cataloging agency | DLC |
| Transcribing agency | DLC |
| Modifying agency | DLC |
| Language of cataloging | eng |
| 050 00 - LIBRARY OF CONGRESS CALL NUMBER | |
| Classification number | QB602.G85 |
| Item number | 2009 |
| 082 00 - DEWEY DECIMAL CLASSIFICATION NUMBER | |
| Classification number | 523.4 |
| 100 1# - MAIN ENTRY--PERSONAL NAME | |
| Personal name | Guillain, Charlotte |
| 245 10 - TITLE STATEMENT | |
| Title | Planets / |
| Statement of responsibility, etc. | Charlotte Guillain. |
| 260 ## - PUBLICATION, DISTRIBUTION, ETC. | |
| Place of publication, distribution, etc. | Chicago : |
| Name of publisher, distributor, etc. | Heinemann Library, |
| Date of publication, distribution, etc. | 2009 |
| 300 ## - PHYSICAL DESCRIPTION | |
| Extent | 24 pages : |
| Other physical details | color illustrations ; |
| Dimensions | 18 ×21 cm . |
| 490 0# - SERIES STATEMENT | |
| Series statement | Space |
| 490 0# - SERIES STATEMENT | |
| Series statement | Acorn |
| 500 ## - GENERAL NOTE | |
| General note | Includes index. |
| 505 0# - FORMATTED CONTENTS NOTE | |
| Formatted contents note | F <br/> |
| 520 ## - SUMMARY, ETC. | |
| Summary, etc. | Read this book to find out about the planets in our Solar System. Books in this series introduce children to outer space. Each book uses simple, repetitive text to teach children basic vocabulary, and includes stunning photographs and artwork to show the main features of our Solar System. In Planets, children learn what planets are made of, how planets orbit the Sun, and our planet, Earth. |
| 521 ## - TARGET AUDIENCE NOTE | |
| Target audience note | 360 <br/> |
| Source | Lexile <br/> |
| 521 ## - TARGET AUDIENCE NOTE | |
| Target audience note | F <br/> |
| Source | Raz-Plus <br/> |
| 650 #0 - SUBJECT ADDED ENTRY--TOPICAL TERM | |
| Topical term or geographic name entry element | Planets |
| Form subdivision | Juvenile literature. |
| 906 ## - LOCAL DATA ELEMENT F, LDF (RLIN) | |
| a | 7 |
| b | cbc |
| c | orignew |
| d | 1 |
| e | ecip |
| f | 20 |
| g | y-gencatlg |
| 942 ## - ADDED ENTRY ELEMENTS (KOHA) | |
| Source of classification or shelving scheme | Dewey Decimal Classification |
| Koha item type | Books |
| Suppress in OPAC | No |
| 999 ## - | |
| -- | 3113 |
| -- | 3113 |
| Withdrawn status | Lost status | Source of classification or shelving scheme | Damaged status | Not for loan | Collection | Home library | Current library | Shelving location | Date acquired | Total Checkouts | Full call number | Barcode | Date last seen | Date last checked out | Copy number | Price effective from | Koha item type |
|---|---|---|---|---|---|---|---|---|---|---|---|---|---|---|---|---|---|
| Dewey Decimal Classification | Non-Fiction | Footprints International School Library Network Toul Kork Campus | Footprints International School Library Network Toul Kork Campus | 02/07/2024 | 2 | GUI 523.4 QB602.G85 | FISBK04333 | 10/09/2025 | 09/17/2025 | 1 | 02/07/2024 | Books | |||||
| Dewey Decimal Classification | Non-Fiction | Footprints International School Library Network Toul Kork Campus | Footprints International School Library Network Toul Kork Campus | TK Primary Library Room(4th Floor), Bookcase 7, Shelves 57-60, Dark Green Books | 05/21/2024 | GUI 523.4 QB602.G85 | FISBK04346 | 05/21/2024 | 2 | 05/21/2024 | Books |
